Tuhaf Bir Kadın (Record no. 4096)

000 -LEADER
fixed length control field 00626nam a22001817a 4500
008 - FIXED-LENGTH DATA ELEMENTS--GENERAL INFORMATION
fixed length control field 200618b ||||| |||| 00| 1 eng d
020 ## - INTERNATIONAL STANDARD BOOK NUMBER
International Standard Book Number 9756287454
041 ## - LANGUAGE CODE
Language code of text/sound track or separate title Türkçe
050 ## - LIBRARY OF CONGRESS CALL NUMBER
Classification number PL248.E735
100 ## - MAIN ENTRY--PERSONAL NAME
9 (RLIN) 1813
Personal name Erbil, Leylâ
245 ## - TITLE STATEMENT
Title Tuhaf Bir Kadın
250 ## - EDITION STATEMENT
Edition statement VII. Baskı
260 ## - PUBLICATION, DISTRIBUTION, ETC.
Place of publication, distribution, etc. İstanbul:
Name of publisher, distributor, etc. Okuyan Us Yayın,
Date of publication, distribution, etc. Ekim 2005
300 ## - PHYSICAL DESCRIPTION
Extent 263 Sayfa
500 ## - GENERAL NOTE
General note I.Baskı ; Habora Yayınevi, 1971
II.Baskı ; Habora Yayınevi, 1972
III. Baskı ; Cem Yayınevi, 1980
IV.Baskı ; Can Yayınevi, 1989
V.Baskı ; YKY , 1998
VI.Baskı ; YKY , 2001
650 #0 - SUBJECT ADDED ENTRY--TOPICAL TERM
9 (RLIN) 145
Topical term or geographic name entry element Türk Edebiyatı
942 ## - ADDED ENTRY ELEMENTS (KOHA)
Source of classification or shelving scheme
Koha item type Books
Holdings
Withdrawn status Lost status Source of classification or shelving scheme Damaged status Not for loan Permanent Location Current Location Shelving location Date acquired Full call number Barcode Date last seen Price effective from Koha item type
        Ödünç verilemez İmren Ahmet Tüzün Kütüphanesi İmren Ahmet Tüzün Kütüphanesi Ahmet Tüzün 2020-06-18 PL248.E735 100100004403 2020-06-18 2020-06-18 Books

This software was implemented, installed and managed by Devinim Software Training Consulting .